003610000a2200157000450000500170000010000220001724500230003926000420006230000100010404000080011436500090012265000130013165000200014465000220016465000170018620120302055417.0 a Mote,Krushnaabai a Kaalaachi Paauale aPune:Vishwakarmaa Saahityaalaya,1976. a232p. aMAR b15/- aSankirna aStree Sanskriti aKaalaachi Paauale aStree Jeewan